• 首页
  • 本馆介绍
  • 公告通知
  • 最新文献
  • 馆藏检索
  • 电子资源
  • 读者导购
  • 参考咨询
  • 我的图书馆
  • 登录
  • 详细信息显示
  • 放入我的书架
  • 预约/预借图书
  • 作者相关作品
  • 分类相关作品
  • 丛书相关作品
  • 出版社相关作品

书目信息

  • 表格格式
  • 工作单格式
  • 卡片格式
题名:
西方现代派文学500题
    
 
作者: 廖星桥 主编
分册:  
出版信息: 沈阳   辽宁人民出版社  1988
页数: 766页
开本: 19cm
丛书名:
单 册:
中图分类: I109.5
科图分类: 42.45
主题词: 现代主义--西方国家--问答
电子资源:
ISBN: 7-205-00458-6
000 00826nam0 2200253 45
001 0188015348
005 20070731164000.57
010    @a7-205-00458-6@dCNY6.00
020    @aCN@b88015348
100    @a19910417d1988 km y0chiy0120 ea
101 0  @achi
102    @aCN@b210000
105    @ay z 000yy
200 10 @a西方现代派文学500题@Axi fang xian dai pai wen xue 500 ti@f廖星桥主编@Fliao xing qiao zhu bian
210    @a沈阳@c辽宁人民出版社@d1988
215    @a766页@d19cm
330    @a本书包括西方现代派文学的特征和理论基础、象征主义、意识流小说等部分。
540 1  @a西方现代派文学500题@Axi fang xian dai pai wen xue 500 ti
606    @a现代主义@y西方国家@x问答
690    @aI109.5@v3
692    @a42.45@v1974
701  0 @a廖星桥@Aliao xing qiao@4主编
801  0 @aCN@bTSSF@c20070731
905    @a10447@dI109.5@e101
    
    西方现代派文学500题/廖星桥主编.-沈阳:辽宁人民出版社,1988
    766页;19cm
    
    
    ISBN 7-205-00458-6:CNY6.00
    本书包括西方现代派文学的特征和理论基础、象征主义、意识流小说等部分。
●
相关链接 在E读中查询图书 在五车中查询图书 在当当中查询图书 在豆瓣中查询图书


正题名:西方现代派文学500题     索取号:I109.5/101         预约/预借

序号 登录号 条形码 馆藏地/架位号 状态 备注
1 0786773   207867735   第一样本阅览室/ [索取号:I109.5/101] 在馆    
唐山师范学院图书馆 欢迎您!
大连网信软件有限公司© 版权所有